00462nam a2200169Ia 4500003000900000008004100009020001800050040001600068080001600084100001800100245006900118260003900187300001500226650001900241650001000260700002200270IN-BaIIA211028s9999 xx 000 0 eng d a0-471-81440-7 cIIA Library a532.59bHIR aHirose, Akira 0aintroduction to wave phenomenacAkira Hirose and Karl E Lonngren aNew YorkbWiley-Intersciencec1985 axiv, 355p. aNASA thesaurus aWaves aLonngren, Karl E.